Responses for Show #4808 - Wednesday, June 29, 2005

Contestants

[<< previous game]

Deanna Easter, a culinary student from Morehead City, North Carolina

Tony Jonick, a publisher and house dad from Oakland, California

Ben Kesling, a student from Lexington, Kentucky (whose 1-day cash winnings total $7,600)

[next game >>]

Jeopardy! Round responses

INVENTIVE MINDS
BIOGRAPHY
THAT'S WHERE IT'S AT, MAN!
(Alex: We want you to name the country.)
MOTTOES
(Alex: You have to tell us which one is...)
NOT A POPE
STARTS WITH A PRONOUN
(Alex: Each correct response will be a word that begins with a pronoun, but the pronoun is also part of the word itself.)
    $200 6
George Washington Carver

Tony
    $200 1
(Ben: Who's Rita Hayworth?)
(Tony: Who's Vivien Leigh?)
...
(Alex: My secret crush, [*]. It's not a secret anymore.)

Ava Gardner

BenTony
Triple Stumper
    $200 15
(Deanna: What is Italy?)

Portugal

BenDeanna
    $200 2
the Olympics

Ben
    $200 25
Irving III

Ben
    $200 17
healing

Ben
    $400 7
(Tony: What is a telephone?)

a radio

TonyDeanna
    $400 8
Sophia Loren

Ben
    $400 19
Bangladesh

Tony
    $400 3
(Ben: What is Lloyd's?)
(Tony: What is Lloyd's of London?)

the London Stock Exchange

BenTony
Triple Stumper
    $400 18
usher

Deanna
    $1,000 9
(Alex: Interesting, they put him on the fourth floor. Hard to get to.)

(Elisha) Otis

Ben
    $600 10
Dynasty

Deanna
    $600 20
(Tony: What is Peru?)
(Ben: What is Chile?)

Brazil

BenTony
Triple Stumper
    $600 4
the Black Panthers

Ben
    $600 28
Caesar III

Ben
    $600 22
a weaver

Ben
    $800 13
Cousteau

Ben
    $800 11
Susan Sarandon

Deanna
    $800 21
(Deanna: What's Egypt?)
(Ben: What's Jordan?)

Lebanon

BenDeanna
Triple Stumper
    $800 5
Order of the Garter (or Knights of the Garter)

Tony
    $800 27
(Ben: Stephen IX?)

John XXIV

BenDeanna
    $800 23
sheer

Triple Stumper
    $1000 14
(Ben: Who was Polaroid?)

Edwin Land

BenTony
    $1000 12
(Ben: Who is Fellini?)

Blake Edwards

BenDeanna
    $1000 29
[The end-of-round signal sounds.]

Cambodia

Ben
    $1000 16
the Salvation Army

Ben
    $1000 26
Dominicus I

Ben
    $1000 24
an itinerary

Tony

Scores at the first commercial break (after clue 13):

Ben Tony Deanna
$1,400 $0 $2,800

Scores at the end of the Jeopardy! Round:

Ben Tony Deanna
$3,000 $1,800 $3,000

Double Jeopardy! Round responses

LITERATURE
WHO PLAYED 'EM
MY MUMMY DONE TOLD ME
CONGRESSIONAL MISDEMEANORS
I READ THE NEWS TODAY
OH, "BOY"
    $400 3
Shogun

Ben
    $400 21
Uma Thurman

Ben
    $400 26
the brain

Deanna
    $400 11
(Joe) McCarthy

Ben
    $400 16
(the) Jerusalem (Post)

Ben
    $400 1
the Boy Scouts

Ben
    $800 4
chimpanzees

Tony
    $800 22
(Hugh) Jackman

Tony
    $800 27
an ankh

Ben
    $800 12
Newt Gingrich

Ben
    $800 17
Pravda

Ben
    $800 2
(Tony: What is A Boy's Life?)

About a Boy

Tony
Triple Stumper
    $1200 5
Czech

Ben
    $1200 23
Lohan

Ben
    $1200 28
sarcophagi

Ben
    $1200 13
(the) Louisiana (Purchase)

Ben
    $1200 18
the Chicago Sun-Times

Tony
    $1200 8
Golden Boy

Triple Stumper
    $1600 6
Dr. Faustus

Ben
    $1600 24
Gary Oldman

Tony
    $1600 29
[The end-of-round signal sounds.]

canopic jars

Triple Stumper
    $2,100 14
the Congressional Record

Ben
    $2,000 19
(Tony: Don't know.)

The Dallas Morning News

Tony
    $1600 9
Boyle's (law)

Ben
    $2000 7
(Ben: What is Fire?)

Ice

BenTony
    $2000 25
Verne Troyer

Triple Stumper
    $2000 15
Texas

Ben
    $2000 20
St. Petersburg

Triple Stumper
    $2000 10
(Tony: Who is Pappy Boyle?)

Pappy Boyington

Tony
Triple Stumper

Scores at the end of the Double Jeopardy! Round:

Ben Tony Deanna
$17,500 $3,400 $3,400
(lock game)

[wagering suggestions for these scores]

Final Jeopardy! Round responses

MUSICAL THEATER
(Alex: [Revealing Ben's response] Obviously, you don't get to see too many musicals.)
TonyWhat is Evita
$2,400
DeannaWhat is Evita?
$3,400
BenWhat is Mamma Mia
$500
Evita

Final scores:

Ben Tony Deanna
$17,000 $5,800 $6,800
2-day champion: $24,600 3rd place: $1,000 2nd place: $2,000

Game dynamics:

Coryat scores:

Ben Tony Deanna
$16,600 $5,400 $3,400
29 R
(including 2 DDs),
8 W
10 R,
7 W
(including 1 DD)
7 R,
2 W

Combined Coryat: $25,400

[game clues] [game scores] [suggest correction]

Game tape date: 2004-12-10
The J! Archive is created by fans, for fans. Scraping, republication, monetization, and malicious use prohibited; this site may use cookies and collect identifying information. See terms. The Jeopardy! game show and all elements thereof, including but not limited to copyright and trademark thereto, are the property of Jeopardy Productions, Inc. and are protected under law. This website is not affiliated with, sponsored by, or operated by Jeopardy Productions, Inc. Join the discussion at JBoard.tv.